Koszyk wielkanocny - nagła śmierć - Statystyki

Ogólne statystyki
  • Ten quiz został rozwiązany 180 razy
  • Średni wynik to 7 z 7
Answers on the Grid
Answers color-coded by a green-red scale on the quiz's grid according to % correct below.
chleb
żelki
pieniądze
jajka
sztućce
kawa
ser
maskotka
batonik
sól
paluszki
lizaki
wędlina
piwo
samochodzik
chrzan
mus owocowy
perfumy
baranek
herbata
 
Statystyki odpowiedzi
Odpowiedź % Poprawnych
baranek
99%
chleb
99%
jajka
98%
sól
98%
wędlina
97%
chrzan
96%
ser
76%
Nie znaleziono quizów pasujących do podanych kryteriów
Rozkład punktacji
Procent ludzi z każdym wynikiem
Percentyl według liczby udzielonych odpowiedzi
Twoja historia wyników
Nie rozwiązałeś tego quizu